Treatise on materials science and technology (Record no. 22124)

000 -LEADER
fixed length control field 00603nam a2200229 4500
001 - CONTROL NUMBER
control field 22124
003 - CONTROL NUMBER IDENTIFIER
control field BD-DhUET
008 - FIXED-LENGTH DATA ELEMENTS--GENERAL INFORMATION
fixed length control field 730727s1973 nyua b 001 0 eng
020 ## - INTERNATIONAL STANDARD BOOK NUMBER
International Standard Book Number 0123418038
040 ## - CATALOGING SOURCE
Original cataloging agency DLC
Transcribing agency DLC
Modifying agency BD-DhUET
082 00 - DEWEY DECIMAL CLASSIFICATION NUMBER
Classification number 620.1
Item number HER/1973
100 ## - MAIN ENTRY--PERSONAL NAME
Personal name Herbert, Herman
245 10 - TITLE STATEMENT
Title Treatise on materials science and technology
250 ## - EDITION STATEMENT
Edition statement 1st ed.
260 ## - PUBLICATION, DISTRIBUTION, ETC. (IMPRINT)
Place of publication, distribution, etc. New York
Name of publisher, distributor, etc. Academic Press
Date of publication, distribution, etc. 1973
300 ## - PHYSICAL DESCRIPTION
Extent xii, 166 p.
Other physical details illus
Dimensions 24 cm.
500 ## - GENERAL NOTE
General note Volume - 3
504 ## - BIBLIOGRAPHY, ETC. NOTE
Bibliography, etc Includes bibliographies
650 #0 - SUBJECT ADDED ENTRY--TOPICAL TERM
Topical term or geographic name as entry element Applied mechanics
700 ## - ADDED ENTRY--PERSONAL NAME
Personal name Green, Robert E.
942 ## - ADDED ENTRY ELEMENTS (KOHA)
Koha item type General Book
Holdings
Lost status Piece designation (barcode) Not for loan Koha date last seen Shelving location Price effective from Koha normalized classification for sorting Damaged status Sublocation or collection (holding branch) Withdrawn status Koha full call number Source of classification or shelving scheme Date acquired Copy number Location (home branch) Koha item type
 56066 2015-04-23Circulation section2015-04-23620_100000000000000_HER_1973 Central Library, BUET 620.1/HER/1973 2015-04-231Central Library, BUETGeneral Book